Kvalitní (ve) vedení mateřské školy
Saved in:
| Main Author | |
|---|---|
| Other Authors | , , |
| Format | Electronic eBook |
| Language | Czech |
| Published |
Wolters Kluwer
2025
|
| Edition | 1. elektronické vydání |
| Subjects | |
| Online Access | Dostupné v BOOKPORT po přihlášení pomocí eduID |
| ISBN | 978-80-286-0197-3 978-80-286-0196-6 |
| Physical Description | 1 online zdroj (156 stran) |
| LEADER | 00000nam a2200000 i 4500 | ||
|---|---|---|---|
| 001 | bkp756313710 | ||
| 003 | CZ-prgp | ||
| 005 | 20260413115525.0 | ||
| 006 | m o d | ||
| 007 | cr cn | ||
| 008 | 260413s2025 xr o 000 0 cze | ||
| 020 | |a 978-80-286-0197-3 |c 376 Kč |q (online ; epub) | ||
| 020 | |a 978-80-286-0196-6 |c 519 Kč |q (print) | ||
| 040 | |a Grada |b cze |e rda | ||
| 100 | 1 | |a Zora, Syslová | |
| 245 | 1 | 0 | |a Kvalitní (ve) vedení mateřské školy |c Syslová Zora, Borkovcová Irena, Bejdáková Sandra, Sedláčková Hana |
| 250 | |a 1. elektronické vydání | ||
| 264 | 1 | |b Wolters Kluwer |c 2025 | |
| 300 | |a 1 online zdroj (156 stran) | ||
| 336 | |a text |b txt |2 rdacontent | ||
| 337 | |a počítač |b c |2 rdamedia | ||
| 338 | |a online zdroj |b cr |2 rdacarrier | ||
| 520 | 3 | |a Připravili jsme pro vás novou publikaci Zory Syslové, Sandry Bejdákové, Ireny Borkovcové a Hany Sedláčkové s názvem "Kvalitní (ve) vedení mateřské školy". Kniha svým obsahem navazuje na knihu "Jak úspěšně řídit mateřskou školu". Reaguje na aktuální výzvy a klíčová témata, která odrážejí potřeby vedení mateřských škol. Kniha obsahuje sedm kapitol, z nichž každá se věnuje jedné klíčové oblasti řízení MŠ. Jednotlivé kapitoly pokrývají široké spektrum témat - od definice role ředitele jako lídra a manažera přes plánování a organizování až po personální politiku, kontrolu a hodnocení. Je zde kladen důraz na to, jak se efektivní vedení mateřských škol promítá do celkové kvality poskytovaného vzdělávání. | |
| 650 | 0 | 4 | |a Předškolní pedagogika |
| 700 | 1 | |a Borkovcová Irena | |
| 700 | 1 | |a Bejdáková Sandra | |
| 700 | 1 | |a Sedláčková Hana | |
| 856 | 4 | 0 | |u https://www.bookport.cz/AccountSaml/SignIn/?idp=https://shibboleth.utb.cz/idp/shibboleth&returnUrl=/kniha/kvalitni-ve-vedeni-materske-skoly-15949/ |y Dostupné v BOOKPORT po přihlášení pomocí eduID |